ნორმალური ფორმატი
MARC ფორმატი
ჩანაწერი Corporate Name
ჩანაწერთა რაოდენობა, რომელიც გამოყენებულია: 1
001 - CONTROL NUMBER
- control field: 5182
003 - CONTROL NUMBER IDENTIFIER
- control field: GE_BSU
005 - DATE AND TIME OF LATEST TRANSACTION
- control field: 20191031132616.0
008 - FIXED-LENGTH DATA ELEMENTS
- fixed length control field: 191031|| aca||aabn | a|a d
040 ## - CATALOGING SOURCE
- Original cataloging agency: GE_BSU
- Transcribing agency: GE_BSU
110 ## - HEADING--CORPORATE NAME
- Corporate name or jurisdiction name as entry element:
- Relator term: Center for Research of Kartvelian civilization (CRKC)
670 ## - SOURCE DATA FOUND
- Source citation: Work cat.: (GE_BSU): Meskhi, Anna 5180, Kartvelian linguoculturology of the past :Selected articles /
